000 01256nam a22003497a 4500
003 CHAP
005 20220817042206.0
008 971013s1953 r 00010 d
010 _a37226
011 _a38198
035 _a42318
040 _cCHAP
082 _a634.9016
_bF36f
110 _aFAO
245 _aForestry abstracts coverage list
_b: periodicals and series
260 _aRoma :
_bFAO,
_c1953
300 _a180 p.
490 _aFAO. Estudios de silvicultura y productos forestales
_v; 6
590 _aBATCH-UPD
_b10
_c20130109
_lUCH01
_h2325
590 _aBATCH-UPD
_b10
_c20130110
_lUCH01
_h0217
590 _aBATCH-UPD
_b10
_c20130409
_lUCH01
_h1849
590 _aBATCH-UPD
_b10
_c20130914
_lUCH01
_h0712
590 _aCONVERSION
_b10
_c20130109
_lUCH01
_h1321
650 1 4 _aBosques
_xPublicaciones periódicas
_xBibliografía.
_914371
830 0 _aFAO. Estudios de silvicultura y productos forestales
_v; 6
_939550
901 _aBK
942 _cLIBRO
949 _a634.9016 F36f
_bBC
_cFAO
_d-97458
_eFAO1
_h26140
_i42318
_si
949 _a634.9016 F36f
_bBC
_cFAO
_d-97461
_eFAO2
_fc.2
_h27707
_i42318
_si
949 _a634.9016 F36f
_bBC
_cFAO
_d-97462
_eFAO2
_fc.3
_h27708
_i42318
_si
949 _a634.9016 F36f
_bBC
_cFAO
_d-97464
_eFAO2
_fc.4
_h12228
_i42318
_si
999 _c37226
_d37226